000 00539nam a2200193Ia 4500
008 220216s9999 xx 000 0 und d
100 _aJoseph J
245 0 _aSuperior processing rubber from radiation cross-linked natural rubber latex.
260 _bRubber Science
_c2014
300 _a127-134
650 _aNatural rubber latex
650 _aProcessing rubber
650 _aRadiation vulcanisation
650 _aViscoelasticity
700 _aAlex R
700 _aMadhusoodanan K N
700 _aSadeesh Babu P S
942 _cJS
999 _c69965
_d69965